000 00644nam a2200193Ii 4500
003 JO-AjNU
008 230605s9999||||xx |||||||||||||| ||und||
040 _aJO-AjNU
_bara
_erda
_cJO-AjNU
041 _aara
050 1 4 _aPJ7692.E8.C45 1900
100 3 _aتأليف كريستي،أجاثا ؛ ترجمة برنارد الأسطة,
_eauthor
_918806
245 0 0 _aبصمات الأصابع (8)
264 3 1 _aلبنان:دار ميوزك،1900
300 _a99ص
336 _atext
_btxt
_2rdacontent
337 _aunmediated
_bn
_2rdamedia
338 _avolume
_bnc
_2rdacarrier
650 4 _aالأدب العربي - قصص مترجمة
_918807
999 _aA6084
_c9652
_d9652